Counties of the Confederate States in 1861 - Statistics

General Stats
  • This quiz has been taken 584 times
  • The average score is 190 of 897
Answers on the Map
Answers color-coded by a green-red scale on the quiz's map according to % correct below.
 
Answer Stats
State County % Correct
Texas Jack
74%
Alabama | Arkansas | Florida | +7 others Jackson
73%
Alabama | Arkansas | Texas Dallas
70%
Alabama | Arkansas | Florida | +7 others Washington
70%
Alabama | Arkansas | Florida | +6 others Jefferson
67%
South Carolina Charleston
64%
Georgia | Texas Houston
63%
Mississippi Adams
60%
Texas El Paso
58%
Georgia | North Carolina | Virginia Richmond
58%
Alabama | Arkansas | Florida | +4 others Monroe
56%
Texas Austin
55%
Alabama | Arkansas | Florida | +7 others Madison
53%
Georgia | Texas Harris
51%
Alabama Mobile
51%
Georgia | Virginia Lee
50%
Alabama | Arkansas | Florida | +6 others Franklin
49%
Georgia | North Carolina | Tennessee Lincoln
49%
Alabama | Arkansas | Georgia | +4 others Montgomery
48%
Florida | North Carolina | Texas | Virginia Orange
48%
Virginia Prince William
48%
Florida | Georgia Dade
47%
Arkansas | Florida | Georgia | +3 others Polk
47%
Arkansas | Florida | Georgia Columbia
45%
Virginia Norfolk
45%
Louisiana Orleans
45%
Texas | Virginia Tyler
45%
Arkansas | Georgia | Tennessee | Texas Johnson
43%
Arkansas | Florida | Louisiana | Mississippi Lafayette
43%
Mississippi | Texas | Virginia Harrison
42%
Arkansas Mississippi
42%
Florida | Georgia | Texas | Virginia Taylor
42%
Florida | Tennessee | Texas Hamilton
41%
Virginia Charlotte
40%
Tennessee | Texas Knox
40%
Virginia Raleigh
40%
Mississippi | Tennessee | Texas Smith
40%
Texas Brown
38%
Alabama | Georgia | North Carolina | Texas Cherokee
38%
Alabama | Georgia | Tennessee | +2 others Fayette
37%
Arkansas | Georgia Fulton
37%
Virginia Alexandria
36%
North Carolina Columbus
36%
Alabama | Arkansas | Georgia | +4 others Greene
36%
North Carolina Nash
36%
Florida | Georgia | North Carolina | +2 others Clay
35%
Florida | Texas Duval
35%
Texas Galveston
35%
Arkansas | Tennessee Van Buren
35%
Arkansas Clark
34%
North Carolina | Tennessee Davidson
34%
Georgia | Mississippi | North Carolina | Texas Jones
34%
Virginia Fairfax
33%
South Carolina | Virginia York
33%
Texas Bexar
32%
Texas Bexar Land
32%
Texas Bexar Territory
32%
Texas | Virginia Buchanan
32%
Texas Hill
32%
Georgia Pierce
32%
Alabama | Tennessee | Texas Shelby
32%
Arkansas | Georgia | Tennessee White
32%
Virginia Augusta
31%
Alabama | Georgia | Tennessee | Virginia Henry
31%
Alabama | Georgia | North Carolina | Tennessee Macon
31%
Arkansas Arkansas
29%
Alabama De Kalb
29%
Georgia | Tennessee Dekalb
29%
North Carolina | Virginia Mecklenburg
29%
Florida St. Johns
29%
Texas Hunt
28%
Alabama | Arkansas | Florida | +6 others Marion
28%
Alabama | Florida | Georgia | South Carolina Sumter
28%
Arkansas | Georgia | Louisiana | +3 others Union
28%
Arkansas | Georgia | Louisiana | +3 others Carroll
27%
Texas Tarrant
27%
South Carolina | Tennessee | Texas Anderson
26%
Alabama | Arkansas | Florida | +4 others Calhoun
26%
Alabama | Mississippi Choctaw
26%
North Carolina | Tennessee | Virginia Cumberland
26%
South Carolina Greenville
26%
Georgia | Mississippi | Tennessee | Virginia Hancock
26%
North Carolina Martin
26%
Virginia Ohio
26%
Texas Travis
26%
North Carolina Wake
26%
Louisiana East Baton Rouge
25%
Virginia Frederick
25%
Florida Hillsborough
25%
Tennessee | Virginia Lewis
25%
Alabama | Georgia | Tennessee | Virginia Morgan
25%
Virginia Roanoke
25%
Tennessee | Texas Williamson
25%
North Carolina | Tennessee | Texas Wilson
25%
Texas Collin
24%
North Carolina | Virginia Northampton
24%
Arkansas | Georgia | Virginia Pulaski
24%
Virginia Boone
23%
North Carolina | Virginia Brunswick
23%
South Carolina Chester
23%
Virginia Essex
23%
South Carolina Georgetown
23%
Florida | Georgia | Texas Liberty
23%
Virginia Prince George
23%
Arkansas | Mississippi | Tennessee | Virginia Scott
23%
Virginia Sussex
23%
Georgia | Mississippi | North Carolina | +2 others Warren
23%
Georgia | Mississippi | North Carolina | +2 others Wayne
23%
Louisiana West Baton Rouge
23%
Mississippi Chickasaw
22%
Virginia Loudoun
22%
Virginia Southampton
22%
Texas Victoria
22%
Tennessee | Virginia Bedford
21%
Texas Brazos
21%
Tennessee Carter
21%
Texas Denton
21%
Florida Escambia
21%
South Carolina | Virginia Lancaster
21%
Texas Red River
21%
Louisiana St. Mary
21%
Georgia Thomas
21%
Alabama Tuscaloosa
21%
North Carolina Ashe
20%
Alabama | Texas Chambers
20%
Georgia Cobb
20%
Virginia Hanover
20%
Virginia Henrico
20%
Georgia | Mississippi | Texas Jasper
20%
Florida | Texas Leon
20%
Alabama | Mississippi | Tennessee | Virginia Marshall
20%
Texas | Virginia Mason
20%
Texas Parker
20%
South Carolina Spartanburg
20%
Virginia Accomack
19%
Louisiana Caddo
19%
Texas Cameron
19%
Georgia | North Carolina Chatham
19%
Georgia Gwinnett
19%
Virginia Hampshire
19%
South Carolina Horry
19%
Virginia Kanawha
19%
Virginia King George
19%
South Carolina Lexington
19%
Florida Nassau
19%
Arkansas | Georgia | Mississippi | Texas Newton
19%
North Carolina Pitt
19%
South Carolina Richland
19%
Louisiana St. Bernard
19%
Georgia | Virginia Webster
19%
South Carolina Williamsburg
19%
Texas | Virginia Wood
19%
North Carolina | South Carolina Beaufort
18%
Texas Bee
18%
Texas Bell
18%
Arkansas | Tennessee Benton
18%
Louisiana Bossier
18%
Louisiana Desoto
18%
Mississippi De Soto
18%
Virginia Shenandoah
18%
Louisiana St. Tammany
18%
North Carolina | Virginia Surry
18%
Texas Wichita
18%
Texas Zapata
18%
North Carolina Alexander
17%
Texas Bowie
17%
Texas Brazoria
17%
Virginia Caroline
17%
Georgia | North Carolina Forsyth
17%
North Carolina | Tennessee | Texas Henderson
17%
Texas Hidalgo
17%
North Carolina Johnston
17%
Virginia King and Queen
17%
Virginia King William
17%
Alabama | Arkansas | Mississippi | Tennessee Lawrence
17%
North Carolina Moore
17%
North Carolina New Hanover
17%
Texas Nueces
17%
Alabama | Arkansas | Georgia | Mississippi Pike
17%
Louisiana Plaquemines
17%
Virginia Pocahontas
17%
Florida | Georgia | Tennessee | Virginia Putnam
17%
Tennessee Rhea
17%
Texas Uvalde
17%
Florida | Georgia Walton
17%
Texas Webb
17%
Alabama | Mississippi Winston
17%
Louisiana East Feliciana
16%
Texas Edwards
16%
Virginia Gloucester
16%
Mississippi Hinds
16%
Virginia Middlesex
16%
Tennessee | Texas Robertson
16%
North Carolina | Tennessee Rutherford
16%
Texas Starr
16%
Louisiana West Feliciana
16%
Virginia Albemarle
15%
Virginia Appomattox
15%
Florida | Georgia Baker
15%
Alabama | Georgia Baldwin
15%
Alabama | Georgia Bibb
15%
Florida Brevard
15%
Virginia Buckingham
15%
Georgia | Tennessee | Virginia Campbell
15%
Georgia | Texas Cass
15%
Alabama | Georgia | Mississippi | Virginia Clarke
15%
North Carolina Cleveland
15%
Texas | Virginia Grayson
15%
Tennessee | Texas Hardin
15%
Virginia Isle of Wight
15%
Florida Manatee
15%
Georgia Miller
15%
Georgia | North Carolina Mitchell
15%
Louisiana Natchitoches
15%
Alabama | Arkansas | Mississippi | Tennessee Perry
15%
Virginia Prince Edward
15%
Alabama | Arkansas | Georgia | +2 others Randolph
15%
Louisiana | Texas Sabine
15%
Virginia Spotsylvania
15%
Virginia Stafford
15%
Louisiana St. James
15%
Louisiana St. Martin
15%
Florida Volusia
15%
Alabama | Georgia | Texas Walker
15%
Mississippi Yazoo
15%
Arkansas Yell
15%
Texas Young
15%
Texas Young Territory
15%
Virginia Berkeley
14%
Georgia | North Carolina Camden
14%
Georgia Chattahoochee
14%
South Carolina | Virginia Chesterfield
14%
Texas Colorado
14%
Virginia Culpeper
14%
Alabama Dale
14%
Texas Ellis
14%
Virginia Fauquier
14%
Georgia | Virginia Floyd
14%
Texas Fort Bend
14%
Texas Hays
14%
Texas La Salle
14%
South Carolina Marlboro
14%
Virginia Northumberland
14%
South Carolina Orangeburg
14%
Virginia Patrick
14%
Texas Presidio
14%
Florida Santa Rosa
14%
Arkansas St. Francis
14%
Louisiana Terrebonne
14%
Virginia Westmoreland
14%
Texas | Virginia Wise
14%
North Carolina | Virginia Alleghany
13%
Virginia Amelia
13%
Louisiana Ascension
13%
Louisiana Assumption
13%
Louisiana Avoyelles
13%
Alabama | Tennessee Blount
13%
Arkansas | Tennessee Bradley
13%
Louisiana | North Carolina | Texas Caldwell
13%
Georgia Clayton
13%
North Carolina Davie
13%
Georgia | Tennessee Decatur
13%
Florida Gadsden
13%
North Carolina Gaston
13%
North Carolina Guilford
13%
Florida Hernando
13%
Virginia Highland
13%
Florida | Mississippi Holmes
13%
Louisiana Iberville
13%
Virginia James City
13%
Louisiana Lafourche
13%
Alabama | Mississippi | Tennessee Lauderdale
13%
Virginia Logan
13%
Texas Matagorda
13%
Texas Nacogdoches
13%
Alabama | Georgia | South Carolina Pickens
13%
Virginia Pittsylvania
13%
Virginia Powhatan
13%
Louisiana Rapides
13%
Virginia Rappahannock
13%
North Carolina | Virginia Rockingham
13%
Alabama | Virginia Russell
13%
Louisiana St. John The Baptist
13%
Tennessee Sumner
13%
Florida Alachua
12%
Texas Angelina
12%
Texas Bandera
12%
Virginia Bath
12%
Georgia Brooks
12%
Georgia Bryan
12%
North Carolina Buncombe
12%
Georgia | North Carolina Burke
12%
Alabama Butler
12%
Alabama | Georgia | Tennessee Coffee
12%
Texas Comanche
12%
Tennessee | Virginia Giles
12%
North Carolina | Virginia Halifax
12%
Georgia Hall
12%
Texas Kaufman
12%
Texas Kerr
12%
Texas Lamar
12%
Georgia | South Carolina Laurens
12%
Alabama | Georgia | Mississippi Lowndes
12%
North Carolina Mcdowell
12%
Virginia McDowell
12%
Virginia New Kent
12%
Arkansas | Louisiana Ouachita
12%
Arkansas | Tennessee Sevier
12%
Louisiana St. Charles
12%
Louisiana St. Landry
12%
Tennessee Sullivan
12%
Alabama Talladega
12%
Texas Zavala
12%
South Carolina Abbeville
11%
North Carolina Anson
11%
Texas Bastrop
11%
Texas Burnet
11%
Louisiana Calcasieu
11%
Virginia Charles City
11%
Texas Comal
11%
Virginia Craig
11%
Arkansas | Georgia Crawford
11%
Georgia | Texas Dawson
11%
Virginia Dinwiddie
11%
Texas Frio
11%
North Carolina Gates
11%
Texas Gonzales
11%
Virginia Goochland
11%
Tennessee | Texas Hardeman
11%
Georgia Hart
11%
Arkansas Hot Spring
11%
Alabama | Texas Limestone
11%
Virginia Louisa
11%
Virginia Mercer
11%
Virginia Monongalia
11%
Virginia Nelson
11%
North Carolina Onslow
11%
Virginia Page
11%
Mississippi | Texas Panola
11%
Louisiana Pointe Coupee
11%
Virginia Preston
11%
North Carolina Rowan
11%
North Carolina Transylvania
11%
Texas | Virginia Upshur
11%
North Carolina Alamance
10%
Texas Archer
10%
Georgia Banks
10%
Alabama | Virginia Barbour
10%
North Carolina Bladen
10%
Louisiana | Mississippi | Tennessee Claiborne
10%
South Carolina Clarendon
10%
Tennessee Cocke
10%
South Carolina Colleton
10%
Louisiana Concordia
10%
Arkansas Conway
10%
Alabama | Mississippi Covington
10%
South Carolina Darlington
10%
North Carolina Edgecombe
10%
South Carolina Fairfield
10%
Georgia | Texas Fannin
10%
Texas Goliad
10%
Georgia Gordon
10%
Virginia Greenbrier
10%
Texas Greer
10%
Virginia Hardy
10%
North Carolina Hertford
10%
South Carolina Newberry
10%
North Carolina Person
10%
North Carolina Robeson
10%
Texas San Augustine
10%
Georgia | Tennessee Stewart
10%
Louisiana St. Helena
10%
Alabama Tallapoosa
10%
Virginia Tazewell
10%
Louisiana Tensas
10%
Texas Trinity
10%
Virginia Tucker
10%
Texas Wharton
10%
Alabama | Georgia Wilcox
10%
Georgia | Mississippi Wilkinson
10%
Georgia Worth
10%
Virginia Wythe
10%
Virginia Amherst
9%
Arkansas Ashley
9%
Alabama Autauga
9%
North Carolina Bertie
9%
Louisiana Bienville
9%
Texas Blanco
9%
Mississippi Bolivar
9%
Virginia Botetourt
9%
Virginia Brooke
9%
North Carolina Cabarrus
9%
North Carolina Catawba
9%
Texas Coleman
9%
Texas Cooke
9%
North Carolina Craven
9%
North Carolina Currituck
9%
Texas De Witt
9%
Tennessee Dickson
9%
North Carolina Duplin
9%
Tennessee Dyer
9%
South Carolina Edgefield
9%
Georgia Effingham
9%
Texas Falls
9%
Virginia Fluvanna
9%
Tennessee Gibson
9%
Georgia | Virginia Gilmer
9%
Virginia Greensville
9%
North Carolina | Tennessee Haywood
9%
North Carolina Hyde
9%
North Carolina Iredell
9%
Mississippi Issaquena
9%
South Carolina Kershaw
9%
Florida Levy
9%
Louisiana Livingston
9%
Virginia Lunenburg
9%
Virginia Mathews
9%
Texas Maverick
9%
Georgia McIntosh
9%
Texas McLennan
9%
Georgia Milton
9%
Louisiana Morehouse
9%
Georgia Murray
9%
Georgia Oglethorpe
9%
North Carolina Pasquotank
9%
Virginia Pendleton
9%
North Carolina Perquimans
9%
Arkansas Phillips
9%
Arkansas Pope
9%
Georgia Quitman
9%
Mississippi Rankin
9%
Tennessee | Virginia Roane
9%
Texas Rusk
9%
North Carolina Sampson
9%
Texas San Patricio
9%
Texas San Saba
9%
Arkansas Searcy
9%
Arkansas Sebastian
9%
Virginia Smyth
9%
North Carolina Stanly
9%
Alabama St. Clair
9%
Mississippi Sunflower
9%
Florida Suwannee
9%
Texas Titus
9%
North Carolina Tyrrell
9%
Florida Wakulla
9%
Georgia Ware
9%
Virginia Wetzel
9%
Georgia | North Carolina Wilkes
9%
Louisiana Winn
9%
Virginia Wyoming
9%
Mississippi Amite
8%
Georgia Appling
8%
Texas Atascosa
8%
Mississippi Attala
8%
South Carolina Barnwell
8%
Texas Baylor
8%
Texas Bosque
8%
Virginia Braxton
8%
Georgia Butts
8%
Virginia Cabell
8%
Tennessee Cannon
8%
North Carolina Carteret
8%
Georgia Catoosa
8%
Tennessee Cheatham
8%
Arkansas Chicot
8%
North Carolina Chowan
8%
Texas Concho
8%
Alabama Coosa
8%
Texas Coryell
8%
Georgia Coweta
8%
Arkansas Craighead
8%
Arkansas Crittenden
8%
Arkansas Desha
8%
Texas Dimmit
8%
Georgia Early
8%
Texas Eastland
8%
Georgia Echols
8%
Tennessee Fentress
8%
North Carolina Granville
8%
Texas Guadalupe
8%
Georgia Habersham
8%
Texas Haskell
8%
Tennessee Hawkins
8%
Tennessee Humphreys
8%
Arkansas Independence
8%
Arkansas Izard
8%
North Carolina Lenoir
8%
Texas Llano
8%
Alabama Marengo
8%
Tennessee McNairy
8%
Texas Medina
8%
Tennessee Meigs
8%
Texas Montague
8%
Georgia Muscogee
8%
Texas Navarro
8%
Virginia Nicholas
8%
Virginia Nottoway
8%
Tennessee Obion
8%
Georgia Paulding
8%
Virginia Pleasants
8%
Arkansas Poinsett
8%
Georgia Rabun
8%
Texas Refugio
8%
Virginia Ritchie
8%
Virginia Rockbridge
8%
Arkansas Saline
8%
Mississippi Simpson
8%
Georgia Taliaferro
8%
Mississippi Tallahatchie
8%
Texas Throckmorton
8%
Tennessee Tipton
8%
Mississippi Tunica
8%
Louisiana Vermilion
8%
North Carolina Watauga
8%
Tennessee Weakley
8%
Virginia Wirt
8%
North Carolina Yadkin
8%
North Carolina Yancey
8%
Virginia Bland
7%
Tennessee Bledsoe
7%
Texas Burleson
7%
North Carolina Caswell
7%
Georgia Chattooga
7%
Georgia Clinch
7%
Mississippi Coahoma
7%
Mississippi Copiah
7%
Virginia Doddridge
7%
Georgia Dougherty
7%
Arkansas Drew
7%
Texas Erath
7%
Texas Gillespie
7%
Georgia Glynn
7%
Texas Grimes
7%
Tennessee Grundy
7%
Georgia Heard
7%
Arkansas Hempstead
7%
Tennessee Hickman
7%
Texas Hopkins
7%
Texas Lampasas
7%
Texas Lavaca
7%
Texas Live Oak
7%
Tennessee Maury
7%
Texas McCulloch
7%
Texas McMullen
7%
Texas Menard
7%
Texas Milam
7%
Mississippi Neshoba
7%
Tennessee Overton
7%
Arkansas Prairie
7%
Virginia Princess Anne
7%
Tennessee Sequatchie
7%
North Carolina Stokes
7%
Georgia Terrell
7%
Mississippi Tippah
7%
Mississippi Tishomingo
7%
Georgia Towns
7%
Georgia Upson
7%
Texas Van Zandt
7%
Georgia Berrien
6%
Georgia Bulloch
6%
Texas Callahan
6%
Louisiana Catahoula
6%
Georgia Charlton
6%
Georgia Colquitt
6%
Alabama Conecuh
6%
Georgia Emanuel
6%
Texas Freestone
6%
Georgia Glascock
6%
Tennessee Grainger
6%
Georgia Haralson
6%
North Carolina Harnett
6%
Texas Karnes
6%
Mississippi Kemper
6%
Texas Kimble
6%
Texas Kinney
6%
Mississippi Leake
6%
Tennessee McMinn
6%
Georgia Meriwether
6%
Texas Palo Pinto
6%
Mississippi Pontotoc
6%
Texas Runnels
6%
Georgia Schley
6%
Texas Shackelford
6%
Georgia Spalding
6%
Georgia Talbot
6%
Georgia Tattnall
6%
Georgia Telfair
6%
Georgia Troup
6%
Georgia Twiggs
6%
Georgia Whitfield
6%
Texas Wilbarger
6%
Mississippi Yalobusha
6%
Georgia Dooly
5%
Georgia Elbert
5%
Georgia Irwin
5%
Mississippi Itawamba
5%
Mississippi Noxubee
5%
Mississippi Oktibbeha
5%
Georgia Screven
5%
Virginia Elizabeth City
4%
Texas Encinal
4%
Georgia Lumpkin
4%
Virginia Warwick
4%
Virginia Nansemond
3%
Florida New River
2%
No matching quizzes found
Score Distribution
Percent of People with Each Score
Percentile by Number Answered
Your Score History
You have not taken this quiz